Sławne Polskie komedie (Filmy nie Seriale) - Statystyki

Ogólne statystyki
  • Ten quiz został rozwiązany 187 razy
  • Średni wynik to 3 z 7
Statystyki odpowiedzi
Odpowiedź % Poprawnych
Kiler
75%
Chłopaki nie płaczą
71%
Poranek kojota
48%
Seksmisja
48%
Dzień świra
43%
Kogel mogel
38%
U Pana Boga za piecem
5%
Nie znaleziono quizów pasujących do podanych kryteriów
Rozkład punktacji
Procent ludzi z każdym wynikiem
Percentyl według liczby udzielonych odpowiedzi
Twoja historia wyników
Nie rozwiązałeś tego quizu